Historical records of the survey of India (Record no. 104090)

MARC details
000 -LEADER
fixed length control field 00949cam a2200181 4500
001 - CONTROL NUMBER
control field ##J129033
008 - FIXED-LENGTH DATA ELEMENTS--GENERAL INFORMATION
fixed length control field #DATE n 000 0 eng u
035 ## - SYSTEM CONTROL NUMBER
System control number (Sirsi) u129033
041 0# - LANGUAGE CODE
Language code of text/sound track or separate title eng
100 1# - MAIN ENTRY--PERSONAL NAME
Personal name Phillimore, R. H.
245 00 - TITLE STATEMENT
Title Historical records of the survey of India
260 ## - PUBLICATION, DISTRIBUTION, ETC.
Place of publication, distribution, etc. Dehra Dun
Name of publisher, distributor, etc. Surveyor General of India
Date of publication, distribution, etc. 1945-58
300 ## - PHYSICAL DESCRIPTION
Extent 4
Type of unit v.
Other physical details ill.
Dimensions 30cm.
520 ## - SUMMARY, ETC.
Summary, etc. The definitive history of the survey of India describing how the subcontinent was mapped from the 18th century until the great trigonometrical survey under Everest and his predecessors. The series provides an invaluable insight into surveying instruments and techniques at this time, as well as providing a record of the work itself. Each volume includes maps, references to source material and amendments to previous volumes.
651 #4 - SUBJECT ADDED ENTRY--GEOGRAPHIC NAME
Geographic name INDIA
690 ## - LOCAL SUBJECT ADDED ENTRY--TOPICAL TERM (OCLC, RLIN)
Topical term or geographic name as entry element ENVIRONMENTAL AND LAND CONSULTANCY-GEOMATICS-MAPPING AND POSITIONING-CARTOGRAPHY
942 ## - ADDED ENTRY ELEMENTS (KOHA)
Suppress in OPAC 0
Holdings
Withdrawn status Lost status Source of classification or shelving scheme Damaged status Not for loan Home library Current library Shelving location Date acquired Total Checkouts Full call number Barcode Date last seen Copy number Price effective from Koha item type
    Dewey Decimal Classification     London London Basement 11/03/2005   SHELF 199 30012884 06/08/2019 1 06/08/2019 Reference material